[Event "Challenge"]
[Site "http://www.queenalice.com/game.php?id=1416323"]
[Date "2016.4.2"]
[Round "-"]
[White "yoda77"]
[Black "Wecker"]
[Result "1-0"]
[WhiteElo "2134"]
[BlackElo "1437"]

1. e4 e5 2. Nf3 Nf6 3. Nxe5 d6 4. Nf3 Nxe4 5. d4 f5 6. Bd3 b6 7. Nbd2 d5 8. Ne5
Bd6 9. Qh5+ g6 10. Nxg6 Nf6 11. Qe2+ Be7 12. Nxh8 1-0

[Event "Challenge"]
[Site "http://www.queenalice.com/game.php?id=1416697"]
[Date "2016.4.4"]
[Round "-"]
[White "yoda77"]
[Black "ulisses67"]
[Result "1-0"]
[WhiteElo "2121"]
[BlackElo "1513"]

1. e4 e5 2. Nf3 Nc6 3. Bc4 h6 4. c3 Nf6 5. O-O Nxe4 6. Re1 Nd6 7. Bb3 e4 8. d3
Qf6 9. dxe4 Ne5 10. Nxe5 Qxe5 11. Bc2 g5 12. Be3 Nc4 13. Bd4 Nxb2 14. Bxe5 Nxd1
15. Bxh8 Nb2 16. Nd2 d6 17. Rab1 Be6 18. Rxb2 d5 19. exd5 1-0

[Event "Challenge"]
[Site "http://www.queenalice.com/game.php?id=1416874"]
[Date "2016.4.5"]
[Round "-"]
[White "yoda77"]
[Black "maurice91"]
[Result "1-0"]
[WhiteElo "2119"]
[BlackElo "1797"]

1. e4 c6 2. d4 d5 3. e5 Bf5 4. Nc3 e6 5. Nf3 Bb4 6. Bd2 Ne7 7. a3 Ba5 8. b4 Bb6
9. Na4 Nd7 10. Be2 O-O 11. O-O h6 12. Nxb6 Nxb6 13. Nh4 Bh7 14. a4 Rc8 15. g3
Nf5 16. Nxf5 Bxf5 17. a5 Na8 18. b5 cxb5 19. Bb4 Bxc2 20. Qd2 Ba4 21. Bxf8 Rc2
22. Qd3 Kxf8 23. Rxa4 bxa4 24. Qxc2 Nc7 25. Qc5+ Kg8 26. Qxa7 1-0

[Event "AUTO-MASTER-2450"]
[Site "http://www.queenalice.com/game.php?id=1416969"]
[Date "2016.4.6"]
[Round "1"]
[White "echo92"]
[Black "yoda77"]
[Result "0-1"]
[WhiteElo "2133"]
[BlackElo "2089"]

1. e4 e5 2. Nf3 Nc6 3. Bc4 Nf6 4. d3 h6 5. O-O Bc5 6. Nc3 O-O 7. Na4 Bd4 8. Nxd4
exd4 9. a3 Rb8 10. Ba2 d6 11. b4 a6 12. Nb2 Qe7 13. Nc4 Ne5 14. Bb2 c5 15. f4
Nxc4 16. Bxc4 b5 17. Bb3 Ng4 18. Bc1 c4 19. Ba2 Re8 20. f5 Qh4 21. Bf4 Ne3 22.
Bxe3 dxe3 23. Qf3 Qf6 24. dxc4 bxc4 25. Bxc4 Bb7 26. Bd5 Bxd5 27. exd5 e2 28.
Rfe1 Rbc8 29. Rac1 Rc3 30. Qg4 Rce3 31. c4 R8e4 32. Qh5 Qd4 33. Kh1 Rh4 0-1

[Event "AUTO-MASTER-2450"]
[Site "http://www.queenalice.com/game.php?id=1416970"]
[Date "2016.4.6"]
[Round "1"]
[White "yoda77"]
[Black "echo92"]
[Result "1-0"]
[WhiteElo "2105"]
[BlackElo "2130"]

1. e4 Nf6 2. e5 Nd5 3. d4 d6 4. c4 Nb6 5. Nf3 Bg4 6. Be2 e6 7. exd6 cxd6 8. O-O
Be7 9. Nc3 O-O 10. b3 Nc6 11. h3 Bh5 12. a3 d5 13. c5 Nc8 14. b4 Bf6 15. Be3 h6
16. g4 Bg6 17. b5 Nb8 18. a4 Nd7 19. Qd2 Re8 20. a5 Be4 21. a6 bxa6 22. bxa6
Bxf3 23. Bxf3 Nf8 24. Rab1 Ng6 25. Bd1 Nce7 26. f4 Nc6 27. Ba4 Rc8 28. Rb7 Nh4
29. g5 hxg5 30. fxg5 Be7 31. Nb5 Nf5 32. Nxa7 Nxe3 33. Qxe3 Bxg5 34. Qf3 Bf6 35.
Nxc6 Rxc6 36. Bxc6 Bxd4+ 37. Kh1 Re7 38. a7 1-0

[Event "AUTO-MASTER-2450"]
[Site "http://www.queenalice.com/game.php?id=1416985"]
[Date "2016.4.6"]
[Round "1"]
[White "Mariahi"]
[Black "yoda77"]
[Result "1-0"]
[WhiteElo "2251"]
[BlackElo "2099"]

1. f4 d5 2. Nf3 Nf6 3. e3 Nc6 4. Bb5 Bd7 5. O-O a6 6. Bxc6 Bxc6 7. b3 e6 8. Ne5
Qd6 9. Ba3 Qd8 10. Bxf8 Rxf8 11. Nxc6 bxc6 12. d3 Qe7 13. Nd2 c5 14. Qe2 1-0

[Event "AUTO-MASTER-2450"]
[Site "http://www.queenalice.com/game.php?id=1416986"]
[Date "2016.4.6"]
[Round "1"]
[White "yoda77"]
[Black "Mariahi"]
[Result "0-1"]
[WhiteElo "2106"]
[BlackElo "2267"]

1. e4 d6 2. Nf3 Nf6 3. Nc3 g6 4. d4 Bg7 5. Be2 O-O 6. O-O c5 7. Bg5 cxd4 8. Nxd4
Nc6 9. Re1 a6 10. a3 Qa5 11. Bd2 Nxd4 0-1

[Event "AUTO-MASTER-2450"]
[Site "http://www.queenalice.com/game.php?id=1416997"]
[Date "2016.4.6"]
[Round "1"]
[White "yoda77"]
[Black "ratorei"]
[Result "0-1"]
[WhiteElo "2135"]
[BlackElo "1999"]

1. e4 e6 2. d4 d5 3. e5 c5 4. c3 Qb6 5. Nf3 Nc6 6. Bd3 Bd7 7. a3 cxd4 8. cxd4
Nxd4 9. Nxd4 Qxd4 10. O-O Qxe5 11. Re1 Qd6 0-1

[Event "AUTO-MASTER-2450"]
[Site "http://www.queenalice.com/game.php?id=1416998"]
[Date "2016.4.6"]
[Round "1"]
[White "ratorei"]
[Black "yoda77"]
[Result "1-0"]
[WhiteElo "2003"]
[BlackElo "2122"]

1. Nf3 d5 2. g3 c5 3. Bg2 Nf6 4. O-O Nc6 5. d3 h6 6. Re1 e5 7. e4 d4 8. Nbd2 Be7
9. Nc4 O-O 10. Nfxe5 Nxe5 11. Nxe5 h5 12. Bg5 Ng4 13. Bxe7 Qxe7 14. Nxg4 hxg4
15. f4 gxf3 16. Qxf3 Bd7 17. e5 Qe6 18. Qxb7 Rab8 19. Qxa7 1-0

[Event "AUTO-OPEN-3659"]
[Site "http://www.queenalice.com/game.php?id=1425472"]
[Date "2016.5.30"]
[Round "1"]
[White "paloberto"]
[Black "yoda77"]
[Result "1-0"]
[WhiteElo "1992"]
[BlackElo "2013"]

1. d4 d5 2. c4 c6 3. Nf3 Nf6 4. Nc3 dxc4 5. e4 b5 6. e5 Nd5 7. a3 Nd7 8. Qc2
N7b6 9. Be2 Nxc3 10. bxc3 e6 11. Bg5 Be7 12. h4 Bb7 13. O-O h6 14. Bxe7 1-0

[Event "AUTO-OPEN-3659"]
[Site "http://www.queenalice.com/game.php?id=1425498"]
[Date "2016.5.30"]
[Round "1"]
[White "Rachman"]
[Black "yoda77"]
[Result "1-0"]
[WhiteElo "2306"]
[BlackElo "2097"]

1. c4 e5 2. Nc3 Nc6 3. Nf3 Nf6 4. g3 Bb4 5. Bg2 O-O 6. O-O d6 7. Nd5 Bc5 8. d3
Nxd5 9. cxd5 Ne7 10. e4 Bg4 11. h3 Bxf3 12. Qxf3 c6 13. dxc6 bxc6 14. Bg5 h6 15.
Bd2 Qb6 16. b3 f5 17. Qe2 Qb4 18. Bxb4 1-0

[Event "AUTO-OPEN-3659"]
[Site "http://www.queenalice.com/game.php?id=1425499"]
[Date "2016.5.30"]
[Round "1"]
[White "yoda77"]
[Black "Rachman"]
[Result "0-1"]
[WhiteElo "2104"]
[BlackElo "2316"]

1. e4 e6 2. d4 d5 3. e5 c5 4. c3 Qb6 5. Nf3 Nc6 6. a3 cxd4 7. cxd4 Nh6 8. Nc3
Nf5 9. Na4 Qc7 10. Bf4 Bd7 11. g4 Nh6 12. h3 Be7 13. Rc1 O-O 14. Qd2 Qd8 15. Nc5
Bxc5 16. Rxc5 f6 17. exf6 Qxf6 18. Ne5 Qxf4 19. Qxf4 Rxf4 20. Nxd7 Re4+ 0-1

[Event "AUTO-OPEN-3659"]
[Site "http://www.queenalice.com/game.php?id=1425514"]
[Date "2016.5.30"]
[Round "1"]
[White "Derik_vd_Heever"]
[Black "yoda77"]
[Result "1-0"]
[WhiteElo "1556"]
[BlackElo "2073"]

1. e4 e5 2. Nf3 Nc6 3. d3 Nf6 4. Nbd2 Be7 5. g3 O-O 6. Bg2 d6 7. O-O Bg4 8. Nc4
Nd4 9. Be3 Be6 10. Nxd4 exd4 11. Bxd4 c5 12. Bc3 d5 13. Ne5 Qc7 14. Qd2 d4 15.
Rae1 dxc3 16. Qxc3 b5 17. d4 b4 18. Qe3 cxd4 19. Qxd4 Rad8 20. Qe3 Qxe5 21. Qxa7
Bc5 22. Qa6 Rd2 23. Rc1 Ng4 24. Qb7 Qh5 25. h3 1-0

[Event "AUTO-OPEN-3659"]
[Site "http://www.queenalice.com/game.php?id=1425515"]
[Date "2016.5.30"]
[Round "1"]
[White "yoda77"]
[Black "Derik_vd_Heever"]
[Result "0-1"]
[WhiteElo "2043"]
[BlackElo "1586"]

1. e4 e5 2. Nf3 Nc6 3. Bb5 Nf6 4. O-O g6 5. Re1 Bg7 6. c3 O-O 7. d4 a6 8. Ba4 d6
9. Bg5 h6 10. Bh4 Qd7 11. d5 b5 12. Bc2 g5 13. Bg3 Na5 14. a4 g4 15. Nfd2 h5 16.
axb5 Qxb5 17. b4 Nc4 18. Nxc4 Qxc4 19. Bd3 Qxd3 20. Qxd3 Bb7 21. Bh4 Nd7 22. Na3
f6 23. Nc4 c6 0-1

[Event "Challenge"]
[Site "http://www.queenalice.com/game.php?id=1456173"]
[Date "2016.12.23"]
[Round "-"]
[White "yoda77"]
[Black "shicoshow"]
[Result "0-1"]
[WhiteElo "1996"]
[BlackElo "1924"]

1. e4 d6 2. d4 Nf6 3. Nc3 g6 4. Nf3 Bg7 5. h3 O-O 6. Be3 c6 7. Qd2 b5 8. Bd3 b4
9. Ne2 a5 10. O-O Ba6 11. Rfd1 Nxe4 12. Bxe4 Bxe2 13. Qxe2 d5 14. Bd3 c5 15.
dxc5 Bxb2 16. Rab1 Bc3 17. Bg5 f6 18. Bh6 Rf7 0-1

[Event "Challenge"]
[Site "http://www.queenalice.com/game.php?id=1462023"]
[Date "2017.1.30"]
[Round "-"]
[White "yoda77"]
[Black "adriano1953"]
[Result "1-0"]
[WhiteElo "1977"]
[BlackElo "1949"]

1. e4 e5 2. Nf3 Nc6 3. Bb5 d6 4. d4 exd4 5. Nxd4 Bd7 6. Nc3 Nf6 7. O-O Be7 8. h3
O-O 9. Bf4 a6 10. Nxc6 bxc6 11. Bc4 Nh5 12. Qxh5 1-0

[Event "Challenge"]
[Site "http://www.queenalice.com/game.php?id=1464076"]
[Date "2017.2.11"]
[Round "-"]
[White "yoda77"]
[Black "ValensKaiser"]
[Result "0-1"]
[WhiteElo "1973"]
[BlackElo "1937"]

1. e4 e6 2. d4 d5 3. e5 c5 4. c3 Qb6 5. Bd3 cxd4 6. Nf3 dxc3 7. Nxc3 Nc6 8. O-O
Bd7 9. Be3 Qxb2 10. Nb5 Rb8 11. Qb1 Qxb1 12. Raxb1 b6 13. Nd6+ Bxd6 14. exd6 Nf6
15. Rfc1 O-O 16. Bg5 Ng4 17. Bb5 Rfc8 18. Ba6 Rf8 19. Bb5 h6 20. Bxc6 Bxc6 0-1